Overlay : contemporary art and the art of prehistory

Αποθηκεύτηκε σε:
Λεπτομέρειες βιβλιογραφικής εγγραφής
Κύριος συγγραφέας: Lippard, Lucy R.
Μορφή: Βιβλίο
Γλώσσα:English
Δημοσίευση: New York : The New Press, c1983.
Θέματα:
Ετικέτες: Προσθήκη ετικέτας
Δεν υπάρχουν, Καταχωρήστε ετικέτα πρώτοι!

MARC

LEADER 00000cam a2200000 i 4500
001 1/89432
008 080623s1983 nyu| ||| |||| ||eng||
020 |a 1565842138 
035 |l 10098368 
040 |a GR-MyUa  |b gre  |e AACR2 
041 0 |a eng 
082 7 |a 700.904   |2 (22) 
100 1 |a Lippard, Lucy R. 
245 1 0 |a Overlay :   |b contemporary art and the art of prehistory /   |c by Lucy R. Lippard. 
260 |a New York :   |b The New Press,   |c c1983. 
300 |a xiv, 266 σ. :   |b εικ. ;   |c 23 εκ. 
504 |a Βιβλιογραφία: σ. [253]-257. Ευρετήριο. 
650 0 |a Art, Comparative. 
650 0 |a Art, Modern  |y 20th century  |x Themes, motives. 
650 0 |a Art, Prehistoric  |x Themes, motives. 
650 0 |a Art, Prehistoric  |x Influence. 
852 |a INST  |b SYROS  |e 20080623  |h 700.904 LIP  |p 005500005772  |q 005500005772  |t BK  |y 0 
901 |a BIBL5-2008-2 
922 |a 5ΕΛΗ  |b 200803  |c ΕΠΕΑΕΚ2/ΤΜΣΠΣ  |d Παπασωτηρίου 
970 |a Καγιαβά  |b Ειρήνη  |z 23/06/2008